[Event "Donostia KO GpA"]
[Site "San Sebastian ESP"]
[Date "2012.01.03"]
[Round "5"]
[White "Hoffman,A"]
[Black "Gharamian,T"]
[Result "1/2-1/2"]
[WhiteElo "2445"]
[BlackElo "2676"]
[EventDate "2011.12.28"]

1. d4 Nf6 2. c4 e6 3. Nf3 d5 4. e3 Be7 5. Nc3 O-O 6. Bd3 dxc4 7. Bxc4 a6 8. Bd3
c5 9. dxc5 Bxc5 10. O-O Nc6 11. a3 Be7 12. b4 b5 13. Bb2 Bb7 14. Qe2 Qc7 15.
Rac1 Rac8 16. Nd2 Rfd8 17. Nce4 Nd7 18. Nb3 Nde5 19. Bxe5 Qxe5 20. Nec5 Ba8 21.
f4 Qb8 22. Nxa6 Qa7 23. Bxb5 Nb8 24. Na5 Nxa6 25. Bxa6 Rc7 26. Rxc7 Qxc7 27. Bc4
Bc5 28. f5 Bd6 29. fxe6 Bxh2+ 30. Kh1 fxe6 31. Qh5 Be5 32. Bxe6+ Kh8 33. Nc4 Qc6
34. Qh3 Bf6 35. e4 Qxe4 36. Bf5 Qh4 37. Qxh4 Bxh4 38. Ne5 Rf8 39. Bd3 Bf6 40.
Nd7 Rd8 41. Nxf6 Rxd3 42. Nd7 g5 43. Rf8+ Kg7 44. Rxa8 Rxd7 45. b5 Rd1+ 46. Kh2
Rb1 47. a4 Kf6 48. Rf8+ Ke6 49. Re8+ Kd6 50. Rg8 Rb4 51. Rxg5 Rxa4 52. Rh5 Ra7
53. g4 Ke6 54. Rf5 Ra3 55. Rh5 Rb3 56. Kg2 Kf6 57. Rc5 h6 58. Kf2 Kg6 59. Ke2
Rg3 60. Rc4 Rb3 61. Rc6+ Kg5 62. b6 Kxg4 63. Rxh6 Kg5 64. Rc6 Kf5 65. Kd2 Ke5
66. Kc2 Kd5 67. Rh6 Rb4 68. Kc3 Rb1 1/2-1/2

[Event "Donostia KO GpA"]
[Site "San Sebastian ESP"]
[Date "2012.01.03"]
[Round "5"]
[White "Gharamian,T"]
[Black "Hoffman,A"]
[Result "1-0"]
[WhiteElo "2676"]
[BlackElo "2445"]
[EventDate "2011.12.28"]

1. e4 c5 2. Nf3 d6 3. d4 cxd4 4. Nxd4 Nf6 5. Nc3 g6 6. Be3 Bg7 7. f3 O-O 8. Qd2
Nc6 9. Bc4 Bd7 10. Bb3 Qa5 11. O-O-O Rfc8 12. Kb1 Ne5 13. h4 Nc4 14. Bxc4 Rxc4
15. Nb3 Qc7 16. Bd4 Be6 17. h5 a5 18. hxg6 hxg6 19. Be3 Qb8 20. Nd4 b5 21. Nce2
Bd7 22. g4 a4 23. Nf5 Bxf5 24. gxf5 d5 25. Bh6 Bh8 26. Bf4 Qf8 27. e5 Nh5 28.
Rxh5 gxh5 29. Rg1+ Kh7 30. f6 1-0

[Event "Donostia KO GpA"]
[Site "San Sebastian ESP"]
[Date "2012.01.03"]
[Round "5"]
[White "Cheparinov,I"]
[Black "Franco Alonso,A"]
[Result "1-0"]
[WhiteElo "2650"]
[BlackElo "2454"]
[EventDate "2011.12.28"]

1. d4 Nf6 2. c4 e6 3. Nf3 d5 4. Nc3 dxc4 5. e4 Bb4 6. Bxc4 Nxe4 7. O-O Nxc3 8.
bxc3 Be7 9. Ne5 O-O 10. Qg4 Nc6 11. Bh6 Bf6 12. Rae1 Ne7 13. f4 Ng6 14. Bg5 c5
15. Rf3 b5 16. Bd3 Bb7 17. Rh3 Qd5 18. Bxf6 Qxg2+ 19. Qxg2 Bxg2 20. Kxg2 Nxf4+
21. Kg3 Nxh3 22. Be7 Ng5 23. Bxf8 cxd4 24. Be7 f6 25. cxd4 Re8 26. Nc6 1-0

[Event "Donostia KO GpA"]
[Site "San Sebastian ESP"]
[Date "2012.01.03"]
[Round "5"]
[White "Libiszewski,F"]
[Black "Bauer,Ch"]
[Result "1/2-1/2"]
[WhiteElo "2500"]
[BlackElo "2641"]
[EventDate "2011.12.28"]

1. e4 c5 2. Nf3 b6 3. d4 cxd4 4. Nxd4 Bb7 5. Nc3 a6 6. f4 e6 7. Bd3 Qc7 8. Qe2
Bb4 9. Bd2 Ne7 10. Rf1 Nbc6 11. Nxc6 Nxc6 12. O-O-O b5 13. Kb1 Bc5 14. e5 Nd4
15. Qg4 g6 16. Ne4 Bxe4 17. Bxe4 O-O-O 18. Be3 d5 19. c3 Nf5 20. Bxc5 dxe4 21.
Bd4 h5 22. Qe2 Qc6 23. Rde1 e3 24. Bxe3 Nxe3 25. Qxe3 Qxg2 26. Qc5+ Kb8 27. Rd1
Rc8 28. Qb6+ Qb7 29. Qd6+ Ka7 30. Rd4 Rc6 31. Qb4 Rhc8 32. Rfd1 R6c7 33. Qd6 1/2-1/2

[Event "Donostia GpC"]
[Site "San Sebastian ESP"]
[Date "2012.01.04"]
[Round "6.1"]
[White "Fedorchuk,S"]
[Black "Franco Alonso,A"]
[Result "1/2-1/2"]
[WhiteElo "2632"]
[BlackElo "2454"]
[EventDate "2011.12.28"]

1. e4 c6 2. Nc3 d5 3. Nf3 Bg4 4. h3 Bxf3 5. Qxf3 e6 6. d3 Nd7 7. g3 g6 8. Bg2
Bg7 9. Qe2 Ne7 10. Nd1 dxe4 11. dxe4 Qa5+ 12. Bd2 Qb5 13. Qe3 O-O 14. a4 Qa6 15.
a5 c5 16. Bc3 Rfd8 17. f4 e5 18. Qf2 exf4 19. gxf4 Bxc3+ 20. Nxc3 Rac8 21. h4
Nf6 22. Bf3 Rd4 23. h5 Qe6 24. hxg6 fxg6 25. Ne2 Rd7 26. Qh4 Rf8 27. Rd1 Rxd1+
28. Kxd1 Rf7 29. Nc3 b5 30. axb6 axb6 31. Kc1 b5 32. Nxb5 Qa6 33. Nc3 Qa1+ 34.
Nb1 Qa4 35. Qe1 Nc6 36. Qe3 Nd4 37. Bd1 Rb7 38. Rh2 Qc4 39. Qc3 Qf1 40. Qd2 Nxe4
41. Qe3 Nd6 42. Qe5 Qc4 43. c3 Nf7 44. Qe8+ Kg7 45. Na3 Nb3+ 46. Bxb3 Qxf4+ 47.
Rd2 Rxb3 48. Qd7 Rb8 49. Nb1 Rd8 50. Qe7 c4 51. Kc2 Qf5+ 52. Kc1 Qf1+ 53. Kc2
Qf5+ 54. Kc1 Qf4 55. Kc2 Rxd2+ 56. Nxd2 h5 57. Ne4 h4 58. Nc5 Qf2+ 59. Kb1 Kh6
60. Ne4 Qf4 61. Nf6 Qf5+ 62. Ka1 Qa5+ 63. Kb1 Qf5+ 64. Ka2 Qa5+ 65. Kb1 Qf5+ 66.
Ka2 Ne5 67. Ng8+ Kh5 68. Nf6+ Kh6 69. Ng8+ Kh5 70. Qh7+ Kg5 71. Qe7+ Kh5 72.
Nf6+ Kh6 1/2-1/2

[Event "Donostia GpC"]
[Site "San Sebastian ESP"]
[Date "2012.01.04"]
[Round "6.3"]
[White "Kunin,V"]
[Black "Hoffman,A"]
[Result "1/2-1/2"]
[WhiteElo "2559"]
[BlackElo "2445"]
[EventDate "2011.12.28"]

1. d4 d5 2. c4 e6 3. Nc3 Nf6 4. Bg5 Be7 5. e3 O-O 6. Nf3 Nbd7 7. Rc1 dxc4 8.
Bxc4 c5 9. O-O a6 10. a4 cxd4 11. exd4 Nb6 12. Ba2 Bd7 13. Ne5 Bc6 14. Re1 Nfd5
15. Bxe7 Nxe7 16. Nxf7 Rxf7 17. Bxe6 Be8 18. Qf3 Nc6 19. Rcd1 Qf6 20. Qe3 Nd7
21. d5 Nd8 22. Ne4 Qe5 23. f4 Qxb2 24. Nd6 Nf8 25. Nxe8 Ndxe6 26. dxe6 Re7 27.
Rb1 Qa2 28. Nd6 Rxe6 29. Qc5 Rd8 30. Ra1 Rxe1+ 31. Rxe1 h6 32. Nxb7 Rd7 33. Qc6
Rd4 34. Qxa6 Rxf4 35. Rf1 Qxa4 36. Qxa4 Rxa4 1/2-1/2

[Event "Donostia GpC"]
[Site "San Sebastian ESP"]
[Date "2012.01.04"]
[Round "6.4"]
[White "Stefanova,A"]
[Black "Huerga Leache,M"]
[Result "1-0"]
[WhiteElo "2531"]
[BlackElo "2435"]
[EventDate "2011.12.28"]

1. Nf3 Nf6 2. g3 g6 3. Bg2 Bg7 4. O-O d5 5. d4 O-O 6. Bf4 Nh5 7. Be3 c5 8. Nc3
cxd4 9. Bxd4 Bxd4 10. Qxd4 e6 11. Rfd1 Nc6 12. Qc5 f5 13. e4 fxe4 14. Nxe4 Nf6
15. Nxf6+ Qxf6 16. c3 Bd7 17. Rd2 Rf7 18. Re1 Raf8 19. Qe3 Bc8 20. h4 Re7 21.
Ng5 Rd8 22. Qc5 Ree8 23. Rde2 h6 24. Nh3 Qf8 25. Qb5 Qf7 26. Nf4 g5 27. hxg5
hxg5 28. Nd3 Kh8 29. Ne5 Nxe5 30. Rxe5 Rg8 31. Qc5 b6 32. Qd4 Kh7 33. Bh3 Rg6
34. c4 Kh6 35. Bg4 Qf6 36. cxd5 exd5 37. Bxc8 Rxc8 38. Qxd5 Qc6 39. Rxg5 Qxd5
40. Rxd5 Rc2 41. Rb5 Rd6 42. a4 Rdd2 43. Re6+ Kg7 44. Rf5 Rxb2 45. Re7+ Kg6 46.
Rf4 a6 47. Re6+ Kg5 48. Kg2 a5 49. Ref6 Rd5 50. Kh3 b5 51. axb5 Rbxb5 52. Ra6
Rb2 53. Rf8 1-0

[Event "Donostia GpC"]
[Site "San Sebastian ESP"]
[Date "2012.01.04"]
[Round "6.6"]
[White "Vera Gonzalez Quevedo,R"]
[Black "Gashimov,S"]
[Result "1-0"]
[WhiteElo "2482"]
[BlackElo "2351"]
[EventDate "2011.12.28"]

1. d4 Nf6 2. c4 e6 3. Nc3 Bb4 4. g3 O-O 5. Bg2 c5 6. Nf3 cxd4 7. Nxd4 Qc7 8. Qb3
Na6 9. O-O Be7 10. Bf4 Qc5 11. Rad1 Qh5 12. Ndb5 Nc5 13. Qc2 e5 14. Bf3 Ng4 15.
Bxg4 Qxg4 16. Bxe5 Qxc4 17. Nc7 d6 18. Rd4 1-0